[Event "GER-chT U12"]
[Site "Magdeburg"]
[Date "2017.12.30"]
[Round "7.2"]
[White "Thuerbach, Peter"]
[Black "Hoffmann, Siegfried1"]
[Result "0-1"]
[WhiteElo "1151"]
[BlackElo "1457"]
[PlyCount "78"]
[EventDate "2017.12.26"]
[EventType "team-swiss"]
[EventRounds "7"]
[EventCountry "GER"]
[SourceTitle "CBM 182 Extra"]
[Source "ChessBase"]
[SourceDate "2018.02.23"]
[SourceVersion "1"]
[SourceVersionDate "2018.02.23"]
[SourceQuality "1"]
[WhiteTeam "Koeln SF"]
[BlackTeam "Magdeburg USC"]
[WhiteTeamCountry "GER"]
[BlackTeamCountry "GER"]

1. e4 e5 2. Nf3 Nc6 3. Bc4 d6 4. d3 Na5 5. Bb3 Nxb3 6. axb3 g6 7. c3 Bg7 8. 0-0 Ne7 9. Bg5 0-0 10. Re1 f5 11. c4 fxe4 12. dxe4 h6 13. Be3 c6 14. Qc1 Kh7 15. Rd1 Bg4 16. Nbd2 d5 17. h3 Bxf3 18. Nxf3 d4 19. Rd3 Qb6 20. Bd2 c5 21. Ba5 Qc6 22. Bd2 Qxe4 23. Ne1 Qe2 24. f4 e4 25. Rg3 Nf5 26. Rg4 h5 27. Rg5 Bf6 28. Nc2 e3 29. Be1 d3 30. Nxe3 Bxg5 31. Nxf5 Rxf5 32. fxg5 Rf1+ 33. Kh2 d2 34. Bxd2 Rxc1 35. Bxc1 Qd1 36. Kg3 Rf8 37. Rxa7 Qxc1 38. Rxb7+ Kg8 39. Rb6 Qf4# 0-1

[Event "GER-chT U12"]
[Site "Magdeburg"]
[Date "2017.12.28"]
[Round "4.2"]
[White "Thuerbach, Peter"]
[Black "Nguyen, Alex Tommi"]
[Result "1-0"]
[WhiteElo "1151"]
[BlackElo "981"]
[PlyCount "75"]
[EventDate "2017.12.26"]
[EventType "team-swiss"]
[EventRounds "7"]
[EventCountry "GER"]
[SourceTitle "CBM 182 Extra"]
[Source "ChessBase"]
[SourceDate "2018.02.23"]
[SourceVersion "1"]
[SourceVersionDate "2018.02.23"]
[SourceQuality "1"]
[WhiteTeam "Koeln SF"]
[BlackTeam "Graefenhainichen"]
[WhiteTeamCountry "GER"]
[BlackTeamCountry "GER"]

1. e4 c5 2. Nf3 a6 3. d4 cxd4 4. Nxd4 Nf6 5. Nc3 e5 6. Nb3 Bb4 7. f3 d6 8. Be3 Nc6 9. Qd2 0-0 10. 0-0-0 Be6 11. a3 Bxc3 12. Qxc3 Qd7 13. Kb1 Rac8 14. Nc1 Ne7 15. Qd2 d5 16. Bg5 Nh5 17. Ne2 f6 18. Be3 d4 19. g4 dxe3 20. Qxd7 Bxd7 21. Rxd7 Nf4 22. Rxe7 Nxe2 23. Bxe2 Rcd8 24. Rxb7 Rd2 25. Re1 Rfd8 26. Bc4+ Kf8 27. Rxe3 Rc8 28. Bd3 Rxh2 29. Ra7 Rc6 30. Re2 Rh3 31. Rf2 h5 32. gxh5 Rxh5 33. Rxa6 Rxa6 34. Bxa6 f5 35. Be2 g6 36. f4 Rh4 37. exf5 gxf5 38. fxe5 1-0